| 000 | 00542 a2200241 4500 | ||
|---|---|---|---|
| 260 | _aParis | ||
| 630 | _a33 - Economie. Economie politique | ||
| 037 | _b1, Achat | ||
| 650 | _a3 - SCIENCES SOCIALES | ||
| 100 | _aHilaire, Jean | ||
| 260 | _bEconomica | ||
| 245 | _aLe droit, les affaires et l'histoire | ||
| 300 | _a369 p. | ||
| 650 | _aAffaires : droit | ||
| 260 | _c1995 | ||
| 300 | _b24 cm | ||
| 100 | _lFr | ||
| 037 | _aDE 8574 | ||
| 650 | _aDroit des affaires | ||
| 020 | _a2-7178-2907-5 | ||
| 999 |
_c38485 _d38485 |
||